První linie. Dezerce /
Další díl military sci-fi série o válce s Dlouhány, kteří dobyli Mars a ohrožují Zemi.
Uloženo v:
| Série: | První linie,
část 4 |
|---|---|
| Hlavní autor: | |
| Další autoři: | |
| Médium: | E-kniha |
| Jazyk: | Czech |
| Vydáno: |
Ostrava :
Fantom Print,
2019
|
| Vydání: | 1. vydání |
| Témata: | |
| Příbuzné jednotky: | Z cyklu::
První linie |
| Tagy: |
Žádné tagy |
| LEADER | 02858nam a2200469 i 4500 | ||
|---|---|---|---|
| 001 | 311150 | ||
| 003 | CZ PrSKC | ||
| 005 | 20260601215700.0 | ||
| 007 | ta | ||
| 008 | 200319s2019 xr g 000 f cze | ||
| 015 | |a cnb003181935 | ||
| 020 | |a 9788075940544 |q (brožováno) | ||
| 035 | |a (OCoLC)1200249070 | ||
| 040 | |a ABG001 |b cze |e rda | ||
| 041 | 1 | |a cze |h eng | |
| 072 | 7 | |a 821.111-3 |x Anglická próza, anglicky psaná |2 Konspekt | |
| 080 | |a 821.111-31 |2 MRF | ||
| 080 | |a (0:82-311.9) |2 MRF | ||
| 100 | 1 | |a Kloos, Marko, |d 1971- |7 xx0211603 |4 aut | |
| 240 | 1 | 0 | |a Chains of command. |l Česky |
| 245 | 1 | 0 | |a První linie. |p Dezerce / |c Marko Kloos ; překlad Jakub Mařík |
| 246 | 3 | 0 | |a Dezerce |
| 250 | |a 1. vydání | ||
| 264 | 1 | |a Ostrava : |b Fantom Print, |c 2019 | |
| 300 | |a 318 stran ; |c 21 cm | ||
| 336 | |a text |b txt |2 rdacontent | ||
| 337 | |a bez média |b n |2 rdamedia | ||
| 338 | |a svazek |b nc |2 rdacarrier | ||
| 500 | |a Přeloženo z angličtiny | ||
| 500 | |a Na hřbetu označení svazku: IV | ||
| 520 | 2 | |a Další díl military sci-fi série o válce s Dlouhány, kteří dobyli Mars a ohrožují Zemi. |b Mimozemská loď útočící na Zemi byla sice zničena, ale protože Mars je stále pod kontrolou Dlouhánů, zbytky pozemských ozbrojených sil se místo oslav plně soustředí na doplnění flotily a obranu planety. Četový seržant Andrew Grayson k všeobecnému úsilí přispívá na pozici instruktora, který intenzivně připravuje nové vojáky do služby. Severoamerické společenství a jejich noví sino-ruští spojenci si příliš dobře uvědomují, že Země získala jen krátký odklad, a vidí pouze dvě možnosti, jak pokračovat dál. Buď okamžitě zaútočí na Dlouhány na Marsu, nebo se vydají za dezertéry a jejich flotilou moderních lodí, které by v nadcházející bitvě o Mars mohly zvrátit poměr sil. Po stopách dezertérů se vydává malá průzkumná jednotka ze speciálních operací a Grayson se na vzdáleném měsíci znovu ocitá uprostřed bitvy, která rozhodne o další budoucnosti lidstva. Nakladatelská anotace. Kráceno. | |
| 655 | 7 | |a anglicky psané romány |7 fd131805 |2 czenas | |
| 655 | 7 | |a vědecko-fantastické romány |7 fd133847 |2 czenas | |
| 655 | 9 | |a fiction in English |2 eczenas | |
| 655 | 9 | |a science fiction novels |2 eczenas | |
| 700 | 1 | |a Mařík, Jakub, |d 1981- |7 xx0073715 |4 trl | |
| 787 | 0 | 8 | |i Z cyklu: |t První linie |g 4 |
| 900 | |a ABA001 |b 21 | ||
| 044 | |a xr | ||
| 910 | |a RBIT002 | ||
| 998 | |d 205040 |a https://core.palmknihy.cz/api/books/205040/cover?q6pvvh |b https://core.palmknihy.cz/api/books/205040/cover/400?q6pvvh |c https://core.palmknihy.cz/api/books/205040/cover/50?q6pvvh |e 2028-05-15 |g 320 |i 9788075940544 |j https://core.palmknihy.cz/api/books/205040/preview.epub |l |q 49 |r 1 |s https://www.palmknihy.cz/kniha/205040 |t ebook |y 2019 |z 0 |v První linie |w 4 | ||
| 999 | |d 311148 | ||